Digital signal processing: a computer-based approach (Record no. 4717)

000 -LEADER
fixed length control field 00691 a2200193 4500
020 ## - INTERNATIONAL STANDARD BOOK NUMBER
International Standard Book Number 0071244670
040 ## - CATALOGING SOURCE
Original cataloging agency DLC
Language of cataloging DLC
082 ## - DEWEY DECIMAL CLASSIFICATION NUMBER
Classification number 621.38221
100 1# - MAIN ENTRY--PERSONAL NAME
Personal name Mitra, Sanjit Kumar
245 00 - TITLE STATEMENT
Title Digital signal processing: a computer-based approach
Remainder of title a computer-based approach
Statement of responsibility, etc. Sanjit K. Mitra
250 ## - EDITION STATEMENT
Edition statement 3rd ed.
260 ## - PUBLICATION, DISTRIBUTION, ETC.
Place of publication, distribution, etc. Boston :
Name of publisher, distributor, etc. McGraw-Hill,
Date of publication, distribution, etc. 2006
300 ## - PHYSICAL DESCRIPTION
Extent xx, 972 s. :
Other physical details ill. +
Accompanying material 1 CD-ROM
500 ## - GENERAL NOTE
General note Includes CD-ROM with MATLAB files, examples and more (ISBN 0-07-304386-9)
650 #7 - SUBJECT ADDED ENTRY--TOPICAL TERM
Topical term or geographic name entry element Digital signalbehandling
650 #7 - SUBJECT ADDED ENTRY--TOPICAL TERM
Topical term or geographic name entry element Signal processing
General subdivision Digital techniques
-- Data processing
650 #7 - SUBJECT ADDED ENTRY--TOPICAL TERM
Topical term or geographic name entry element Signal processing - Digital techniques
942 ## - ADDED ENTRY ELEMENTS (KOHA)
Koha item type Book
Call number prefix 621.3822 MIT
Source of classification or shelving scheme
Holdings
Withdrawn status Lost status Damaged status Not for loan Collection code Permanent Location Current Location Shelving location Date acquired Source of acquisition Cost, normal purchase price Total Checkouts Full call number Barcode Date last seen Date last checked out Price effective from Koha item type Checked out
          Central Library (CL) Central Library (CL) General Stacks 11/21/2005 Allied Book Company 1727.92 1 621.3822 MIT SEECS006690 05/30/2025 12/08/2015 01/05/2017 Book  
          Central Library (CL) Central Library (CL) General Stacks 11/21/2005 Allied Book Company 1727.92   621.3822 MIT SEECS006691 11/14/2012   01/05/2017 Book  
          Central Library (CL) Central Library (CL) General Stacks 12/20/2005 Academic Book company 465.30   621.3822 MIT SEECS006769 11/14/2012   01/05/2017 Book  
          Central Library (CL) Central Library (CL) General Stacks 11/21/2005 Allied Book Company 1727.92 2 621.3822 MIT SEECS006689 01/07/2026 01/07/2026 01/05/2017 Book 02/06/2026
          Central Library (CL) Central Library (CL) General Stacks 01/12/2010 Donation 0.00 1 621.3822 MIT SEECS009892 02/18/2015 01/24/2015 01/05/2017 Book  
© 2023 Central Library, National University of Sciences and Technology. All Rights Reserved.